Männlich weiblich : Der Grobe Unterschied und Seine Folgen /

Gorde:
Xehetasun bibliografikoak
Egile nagusia: Wickler, Wolfgang (autor)
Beste egile batzuk: Seibt, Uta (autor) (autor)
Formatua: Liburua
Hizkuntza:German
Saila:(Piper)
Gaiak:
Etiketak: Etiketa erantsi
Etiketarik gabe, Izan zaitez lehena erregistro honi etiketa jartzen!

MARC

LEADER 00000nam^a2200000^a^4500
001 000073736
005 20250521000000.0
009 20260310091638.879
020 |a 3-492-00599-3 
037 |a Acervo ITESO - Biblioteca 
041 |a ALE 
082 |a 550.  |b WIC 
100 |a Wickler, Wolfgang  |e (autor) 
245 |a Männlich weiblich :  |b Der Grobe Unterschied und Seine Folgen /  |c W. Wickler, U. Seibt. 
264 |a Munich, Alemania :  |b R. Piper,  |c 1983 
300 |a 182 p. 
336 |a texto  |b txt  |2 rdacontenido 
337 |a sin mediación  |b n  |2 rdamedio 
338 |a volumen  |b nc  |2 rdasoporte 
440 |a (Piper) 
649 |a XX 
650 |a Biología 
650 |a Sexualidad 
700 |a Seibt, Uta  |e (autor) 
910 |a Fondo Armando Suárez Gómez 
920 |a Impresos - Libros 
930 |a Fondos Especiales 
905 |a 111 
901 |a 0700005037  |b IT2  |c ESP  |u 20250521 
902 |a https://opac.biblio.iteso.mx/vufind/Record/000073736